[Event "CZE-ch U16"]
[Site "Teplice"]
[Date "2023.03.12"]
[Round "2"]
[White "Sigut, Ondrej"]
[Black "Prazak, Daniel"]
[Result "0-1"]
[WhiteElo "1804"]
[BlackElo "2064"]
[PlyCount "66"]
[EventDate "2023.03.11"]
[EventType "swiss"]
[EventRounds "9"]
[EventCountry "CZE"]
[SourceTitle "CBM 213 Extra"]
[Source "ChessBase"]
[SourceDate "2023.05.31"]
[SourceVersion "1"]
[SourceVersionDate "2023.05.31"]
[SourceQuality "1"]

1. e4 e6 2. d4 d5 3. exd5 exd5 4. Bd3 c5 5. dxc5 Bxc5 6. Nf3 Nf6 7. 0-0 0-0 8. Bg5 h6 9. Bh4 g5 10. Bg3 Ne4 11. Nbd2 f5 12. Bxb8 Rxb8 13. Nb3 Bb6 14. Nfd4 Qf6 15. c3 Bd7 16. a4 a6 17. Re1 Rbe8 18. Qc2 Bc7 19. g3 Kg7 20. f3 Nd6 21. Nc5 Bc8 22. a5 Bb8 23. Rad1 Ba7 24. Rxe8 Rxe8 25. Ncb3 Nc4 26. Bxc4 dxc4 27. Nc1 Bd7 28. Kg2 Re5 29. b4 cxb3 30. Qxb3 Bc6 31. Nxc6 Qxc6 32. Rd3 Re1 33. Rd1 g4 0-1

[Event "EU Union-ch U14"]
[Site "Pec pod Snezkou"]
[Date "2022.08.29"]
[Round "8"]
[White "Sigut, Ondrej"]
[Black "Lazniewska, Zofia"]
[Result "1-0"]
[WhiteElo "1495"]
[BlackElo "1545"]
[PlyCount "105"]
[EventDate "2022.08.22"]
[EventType "swiss"]
[EventRounds "9"]
[EventCountry "CZE"]
[SourceTitle "EXT 2023"]
[Source "ChessBase"]
[SourceDate "2022.10.05"]
[SourceVersion "1"]
[SourceVersionDate "2022.10.05"]
[SourceQuality "1"]

1. e4 c5 2. Nf3 a6 3. c3 d5 4. exd5 Qxd5 5. d4 Nf6 6. dxc5 Qxc5 7. Be3 Qc7 8. g3 g6 9. Bg2 Bg7 10. 0-0 0-0 11. Nbd2 Nbd7 12. Nb3 Re8 13. Re1 e5 14. Qd2 Ng4 15. Rad1 Nxe3 16. Qxe3 a5 17. Nbd2 Nb6 18. Rc1 Bd7 19. Ne4 f5 20. Qc5 Rac8 21. Qxc7 Rxc7 22. Nd6 Re6 23. Nxb7 Rxb7 24. Ng5 Rc6 25. Bxc6 Bxc6 26. Ne6 Bf6 27. Nc5 Rc7 28. b4 axb4 29. cxb4 Ra7 30. Nd3 Be4 31. Nc5 Bd5 32. Red1 Kf7 33. a4 Bf3 34. Rd6 Nc8 35. Rd7+ Rxd7 36. Nxd7 Nd6 37. Rc7 Ke6 38. Nxf6 Kxf6 39. Rxh7 Nf7 40. h4 Bh5 41. b5 Bd1 42. b6 Bf3 43. a5 Bb7 44. h5 g5 45. h6 f4 46. gxf4 exf4 47. Rg7 f3 48. Rg8 Nxh6 49. Rb8 Ba6 50. Ra8 Bb7 51. Ra7 Bc8 52. b7 Bxb7 53. Rxb7 1-0

[Event "CZE-ch U14"]
[Site "Luhacovice"]
[Date "2022.03.19"]
[Round "9"]
[White "Sigut, Ondrej"]
[Black "Tesar, Jakub"]
[Result "1-0"]
[WhiteElo "1536"]
[BlackElo "1660"]
[PlyCount "81"]
[EventDate "2022.03.12"]
[EventType "swiss"]
[EventRounds "9"]
[EventCountry "CZE"]
[SourceTitle "EXT 2023"]
[Source "ChessBase"]
[SourceDate "2022.10.05"]
[SourceVersion "1"]
[SourceVersionDate "2022.10.05"]
[SourceQuality "1"]

1. e4 e6 2. d4 d5 3. e5 c5 4. c3 Nc6 5. Nf3 Qb6 6. a3 f6 7. exf6 Nxf6 8. Bd3 Bd6 9. b4 c4 10. Bc2 0-0 11. a4 a6 12. 0-0 e5 13. dxe5 Nxe5 14. Nxe5 Bxe5 15. Be3 Qc7 16. g3 Qf7 17. f4 Bb8 18. Bd4 Ba7 19. Bxa7 Rxa7 20. Qd4 Ra8 21. Nd2 Bg4 22. Rae1 Rae8 23. Rxe8 Rxe8 24. Nf3 Bxf3 25. Rxf3 Re1+ 26. Rf1 Qe7 27. Rxe1 Qxe1+ 28. Kg2 Qe2+ 29. Qf2 Qxf2+ 30. Kxf2 Ng4+ 31. Ke2 g6 32. h3 Nf6 33. Ke3 Kf7 34. Kd4 Nh5 35. Kxd5 Nxg3 36. Kxc4 Ne2 37. f5 g5 38. a5 Nf4 39. Be4 Nxh3 40. Bxb7 g4 41. b5 1-0

[Event "CZE-ch U14"]
[Site "Luhacovice"]
[Date "2022.03.17"]
[Round "7"]
[White "Mrazek, Adam"]
[Black "Sigut, Ondrej"]
[Result "1/2-1/2"]
[WhiteElo "1582"]
[BlackElo "1536"]
[PlyCount "72"]
[EventDate "2022.03.12"]
[EventType "swiss"]
[EventRounds "9"]
[EventCountry "CZE"]
[SourceTitle "EXT 2023"]
[Source "ChessBase"]
[SourceDate "2022.10.05"]
[SourceVersion "1"]
[SourceVersionDate "2022.10.05"]
[SourceQuality "1"]

1. c4 e5 2. Nc3 Nf6 3. g3 c6 4. d4 exd4 5. Qxd4 Be7 6. Bg2 0-0 7. e4 c5 8. Qd1 Nc6 9. Nge2 d6 10. 0-0 Be6 11. b3 a6 12. Bb2 Rb8 13. a4 Bg4 14. Qd2 Qd7 15. Rfe1 Ne5 16. Qe3 Bh3 17. Nf4 Bxg2 18. Kxg2 Rfe8 19. Rad1 Rbd8 20. f3 Qc6 21. Rd2 Bf8 22. Red1 Qb6 23. Ncd5 Nxd5 24. Nxd5 Qc6 25. Qg5 h6 26. Qf4 Re6 27. Ne3 Be7 28. Bxe5 Rxe5 29. Rd3 Bg5 30. Qg4 Bxe3 31. Rxe3 b5 32. axb5 axb5 33. Red3 bxc4 34. bxc4 Re6 35. Qf4 Rf6 36. Qd2 Re6 1/2-1/2

[Event "CZE-ch U12"]
[Site "Kouty nad Desnou"]
[Date "2020.03.12"]
[Round "7"]
[White "Sedmihradsky, Tomas"]
[Black "Sigut, Ondrej"]
[Result "1-0"]
[WhiteElo "1024"]
[BlackElo "1274"]
[PlyCount "89"]
[EventDate "2020.03.07"]
[EventType "swiss"]
[EventRounds "7"]
[EventCountry "CZE"]
[SourceTitle "CBM 195 Extra"]
[Source "ChessBase"]
[SourceDate "2020.05.31"]
[SourceVersion "1"]
[SourceVersionDate "2020.05.31"]
[SourceQuality "1"]

1. b3 e5 2. Bb2 Nc6 3. c4 d6 4. Nc3 Nf6 5. e3 Be7 6. d4 exd4 7. exd4 0-0 8. Qd2 Bf5 9. 0-0-0 Ne4 10. Nxe4 Bxe4 11. f3 Bg6 12. d5 Nb8 13. Ne2 a6 14. Nd4 Re8 15. Bd3 Bxd3 16. Qxd3 c5 17. Nf5 Bf6 18. Rhe1 Nd7 19. Rxe8+ Qxe8 20. Bxf6 Nxf6 21. Nxd6 Qd7 22. Ne4 Ne8 23. Nxc5 Qc7 24. Ne4 Nd6 25. g3 Re8 26. Nxd6 Qxd6 27. Kb2 b6 28. a3 a5 29. f4 h6 30. Rd2 Qf6+ 31. Qd4 Qd6 32. Qc3 Kf8 33. b4 axb4 34. Qxb4 Rd8 35. Qxd6+ Rxd6 36. Kc3 Ke7 37. Kb4 Kd7 38. Re2 g6 39. Kb5 h5 40. h4 Rf6 41. Re5 Rd6 42. a4 Rf6 43. a5 bxa5 44. Kxa5 Rd6 45. Kb5 1-0

[Event "CZE-ch U12"]
[Site "Kouty nad Desnou"]
[Date "2020.03.10"]
[Round "5"]
[White "Sigut, Ondrej"]
[Black "Matus, Jakub"]
[Result "1/2-1/2"]
[WhiteElo "1274"]
[BlackElo "1240"]
[PlyCount "62"]
[EventDate "2020.03.07"]
[EventType "swiss"]
[EventRounds "7"]
[EventCountry "CZE"]
[SourceTitle "CBM 195 Extra"]
[Source "ChessBase"]
[SourceDate "2020.05.31"]
[SourceVersion "1"]
[SourceVersionDate "2020.05.31"]
[SourceQuality "1"]

1. e4 c5 2. Nf3 Nc6 3. Bb5 g6 4. Bxc6 dxc6 5. 0-0 Bg7 6. Re1 Nf6 7. h3 0-0 8. d3 Re8 9. Bg5 Qb6 10. Bc1 e5 11. Nbd2 Qc7 12. Nf1 b6 13. Be3 Ba6 14. Ng3 Rad8 15. Qc1 Nd7 16. Bh6 f6 17. Bxg7 Kxg7 18. Nh2 h5 19. Nf3 c4 20. dxc4 Bxc4 21. Qe3 Nc5 22. a3 Ne6 23. Nf1 Qc8 24. Rad1 Nf4 25. Ng3 Be6 26. Ne2 Nxe2+ 27. Qxe2 Rxd1 28. Rxd1 Rd8 29. Kh2 Bf7 30. Rd2 Re8 31. Qd1 Be6 1/2-1/2

[Event "CZE-chT U18 Extraliga final-B 1819"]
[Site "Czech Republic"]
[Date "2019.04.13"]
[Round "10.5"]
[White "Madle, Robin"]
[Black "Sigut, Ondrej"]
[Result "1-0"]
[WhiteElo "1567"]
[BlackElo "1145"]
[PlyCount "95"]
[EventDate "2018.10.05"]
[EventType "team-tourn"]
[EventRounds "11"]
[EventCountry "CZE"]
[SourceTitle "EXT 2023"]
[Source "ChessBase"]
[SourceDate "2022.10.05"]
[SourceVersion "1"]
[SourceVersionDate "2022.10.05"]
[SourceQuality "1"]
[WhiteTeam "Praha Bohemians (U18)"]
[BlackTeam "Frydek Mistek BSS (U18) II"]
[WhiteTeamCountry "CZE"]
[BlackTeamCountry "CZE"]

1. e4 c5 2. c3 e5 3. Nf3 d6 4. d4 Nc6 5. dxc5 dxc5 6. Qxd8+ Kxd8 7. Bb5 Bd6 8. Bxc6 bxc6 9. c4 Nf6 10. Nc3 Be6 11. b3 Kc7 12. Be3 a5 13. Ng5 Rhe8 14. Nxe6+ Rxe6 15. f3 Nh5 16. 0-0-0 Nf4 17. Bxf4 exf4 18. a4 Be5 19. Kc2 Rg6 20. Rhg1 Bd4 21. Rxd4 cxd4 22. Ne2 c5 23. Nxf4 Rh6 24. Nd5+ Kb7 25. h3 Rg6 26. Ne7 Re6 27. Nd5 Rb8 28. Re1 Kc8 29. Rg1 f5 30. Rf1 fxe4 31. fxe4 Rxe4 32. Rf8+ Kb7 33. Rf7+ Kc6 34. Rxg7 Re2+ 35. Kd3 Rb2 36. Rxh7 R8xb3+ 37. Ke4 Rxg2 38. Rh6+ Kb7 39. Rh7+ Ka8 40. Nc7+ Kb7 41. Nd5+ Kc8 42. Rh8+ Kd7 43. Rh7+ Ke8 44. Rh8+ Kf7 45. Ra8 d3 46. Ra7+ Kg8 47. Nf6+ Kh8 48. Rh7# 1-0